|
|
|
|
| LEADER |
00000nab a2200000 ar4500 |
| 001 |
vtls011134774 |
| 003 |
SK-MaSNL |
| 005 |
20260305042807.0 |
| 008 |
151105c2015 xo qr|p|||n |000 b|slo |
| 015 |
|
|
|a SNBRB2015/11
|
| 038 |
|
|
|a SPK
|
| 040 |
|
|
|a SPKCL
|b slo
|c AACR2
|e AACR2
|
| 041 |
0 |
|
|a slo
|
| 044 |
|
|
|a xo
|c SK
|
| 072 |
|
7 |
|a 37
|x Výchova a vzdelávanie
|2 konspekt
|
| 072 |
|
7 |
|a 72/76
|x Výtvarné umenie
|2 konspekt
|
| 072 |
|
7 |
|a 069
|x Múzeá. Muzeológia. Múzejníctvo. Výstavy
|2 konspekt
|
| 080 |
|
|
|a 37.01:[72/76:069]
|2 2001
|
| 100 |
1 |
|
|a Palicová, Zuzana
|4 ivr
|4 aut
|9 274924
|
| 245 |
1 |
0 |
|a Všetko možné alebo umenie nie je len "v rámčeku"
|c Zuzana Palicová, Anna Jurinová
|
| 300 |
|
|
|b Fotogr.
|
| 504 |
|
|
|a Bibliogr. odkazy
|
| 650 |
0 |
7 |
|a galerijná pedagogika
|2 snkbucl
|9 122285
|
| 650 |
0 |
7 |
|a vzdelávacie programy
|2 snkbucl
|9 4069
|
| 650 |
0 |
7 |
|a spolupráca vo výchove
|2 snkbucl
|9 1043748
|
| 650 |
0 |
7 |
|a učitelia
|2 snkbucl
|9 3995
|
| 655 |
|
7 |
|a rozhovory
|2 snkbucl
|9 31831
|
| 700 |
1 |
|
|a Jurinová, Anna
|4 ive
|4 aut
|9 44663
|
| 773 |
0 |
|
|t Dobrá škola
|g Roč. VII, č. 2 (2015), s. 32
|x 1338-0338
|
| 852 |
|
|
|a SPK
|b KIS3GCP
|
| 856 |
4 |
1 |
|u www.dobraskola.com
|
| 958 |
|
|
|a NB
|2 snkbucl
|
| 999 |
|
|
|c 3351024
|d 3352954
|